Biblioteca y Centro de Documentación

Vista normal Vista MARC

Entrada Nombre personal

Número de registros utilizados en: 4

001 - NÚMERO DE CONTROL

  • Campo de control: 24662

003 - IDENTIFICADOR DE NÚMERO DE CONTROL

  • Campo de control: ES-MaCES

005 - FECHA Y HORA DE LA ULTIMA MODIFICACION

  • Campo de control: 20020726132000.0

008 - ELEMENTOS DE DATOS DE LONGITUD FIJA

  • Campo de longitud fija: 020726 | azznnaabn || aaa d

035 ## - NÚMERO DE CONTROL DEL SISTEMA

  • Número de control del sistema: CES20020005421n

040 ## - FUENTE DE LA CATALOGACIÓN

  • Agencia original de catalogación: ES-MaCES
  • Idioma de catalogación: spa
  • Agencia de transcripción: ES-MaCES

100 1# - ENCABEZAMIENTO--NOMBRE DE PERSONA

  • Nombre personal: Taltavull, Paloma

400 1# - TRAZADO VEÁSE--NOMBRE DE PERSONA

  • Nombre personal: Taltavull del la Paz, Paloma

670 ## - FUENTE DE DATOS ENCONTRADOS

  • Fuente de citación: Biblioteca Nacional

901 ## - CES. DATOS SIRTEX

  • ID Sirtex (N5N8): 0001500012638
  • 005BIS Sirtex: 200207261320ALORITE
© CES, Consejo Económico y Social de España 2021